Statistics for City-Country #2

Click here to take the quiz!

General Stats

  • This quiz has been taken 257 times
  • The average score is 9 of 15

Answer Stats

Hint Answer % Correct
AdelaideAustralia
96%
ChristchurchNew Zealand
88%
Rio Grande, South AmericaBrazil
86%
Port Elizabeth, AfricaSouth Africa
82%
Sri Jayewardenapura KotteSri Lanka
82%
FairbanksUnited States of America
74%
LuandaAngola
71%
ZanzibarTanzania
71%
Bandar Seri BegewanBrunei
65%
Nuuk (Godthab)Denmark
65%
CaliColombia
53%
PalembangIndonesia
41%
DavaoPhilippines
28%
MossakaRepublic of the Congo
14%
BoSierra Leone
10%

Score Distribution

Percentile by Number Answered

Percent of People with Each Score

Your Score History

You have not taken this quiz